Ligue 1 2003/2004 Classement - Statistiques

Statistiques générales
  • Ce quiz a été pris 117 fois
  • Le résultat moyen est 17 sur 20
Statistiques - réponses
Classement pts Equipes % Correct
#2 76 Paris
98%
#1 79 Lyon
97%
#7 57 Marseille
96%
#10 51 Lille
95%
#3 75 Monaco
95%
#4 65 Auxerre
93%
#12 50 Bordeaux
93%
#11 50 Nice
93%
#9 52 Rennes
93%
#8 53 Lens
91%
#6 60 Nantes
89%
#13 43 Strasbourg
87%
#16 39 Toulouse
87%
#14 42 Metz
85%
#20 31 Montpellier
85%
#5 63 Sochaux
80%
#15 40 Ajaccio
76%
#17 39 Bastia
76%
#18 38 Guingamp
68%
#19 38 Le Mans
57%
Aucun quiz correspondant
Distribution des résultats
% des personnes avec chaque résultat
Percentile par nombre de réponses
Votre historique - résultats
Vous n’avez pas pris ce quiz